000 00364nam a2200121 a 4500
005 20140414131857.0
008 100827s19uu xx 00 eng d
050 _aFIL
_bIs1 1999
100 _aBautista, Feny de los Angeles
245 _aIsang mundong makabata :
_b"bawat bata ay may karapatan".
260 _aManila, Philippines :
_bUNICEF,
_c1999.
999 _c110499
_d110499